Statistics for Self-Referential Logic Test

Click here to take the quiz!

General Stats

  • This quiz has been taken 15 times
  • The average score is 8 of 10

Answer Stats

QuestionAnswer% Correct
What letter has not yet appeared (until this question)?D. D
100%
What is the answer to Question 2?A. C
91%
What number question is the first (closest to Question 1) in an answer chain of A, B, C, D (either forwards or backwards)?B. 5
91%
What is the last question with A as an answer?A. 10
82%
What is the answer to Question 4?B. A
82%
How many questions do not have D as an answer?C. 9
82%
What answer appears the most?A. B
73%
What is the first question with C as an answer?B. 2
73%
What is the answer to Question 8?C. D
73%
For how many questions is the answer B?B. 4
55%

Score Distribution

Percentile by Number Answered

Percent of People with Each Score

Your Score History

You have not taken this quiz